[Event "Berlin-ch QT"]
[Site "Berlin"]
[Date "2019.04.22"]
[Round "3"]
[White "Gros, Dirk"]
[Black "Strowig, Justin"]
[Result "1-0"]
[WhiteElo "2023"]
[BlackElo "1832"]
[PlyCount "60"]
[EventDate "2019.04.20"]
[EventType "swiss"]
[EventRounds "9"]
[EventCountry "GER"]
[SourceTitle "EXT 2020"]
[Source "ChessBase"]
[SourceDate "2019.10.17"]
[SourceVersion "1"]
[SourceVersionDate "2019.10.17"]
[SourceQuality "1"]

1. d4 c5 2. Nf3 cxd4 3. Nxd4 Nc6 4. e3 e5 5. Nb5 d5 6. Qxd5 Be7 7. Bc4 Be6 8. Qxd8+ Rxd8 9. Nc7+ Kd7 10. Nxe6 fxe6 11. 0-0 Nf6 12. Nc3 Bd6 13. b3 Ke7 14. Bb2 a6 15. Rfd1 b5 16. Bf1 Bc7 17. a4 b4 18. Ne2 Kf7 19. Ng3 a5 20. Bb5 Ne7 21. c3 Ned5 22. cxb4 Nxb4 23. Rac1 Rxd1+ 24. Rxd1 Ke7 25. Ne4 Nfd5 26. Nd2 Rg8 27. Nc4 e4 28. Nd2 Nd3 29. Ba3+ N5b4 30. Nxe4 Rd8 1-0

[Event "Berlin Lichtenberger op 14th"]
[Site "Berlin"]
[Date "2015.08.18"]
[Round "4"]
[White "Bonke, Hans Juergen"]
[Black "Strowig, Justin"]
[Result "1-0"]
[WhiteElo "1962"]
[BlackElo "1835"]
[PlyCount "85"]
[EventDate "2015.08.15"]
[EventType "swiss"]
[EventRounds "9"]
[EventCountry "GER"]
[SourceTitle "EXT 2016"]
[Source "ChessBase"]
[SourceDate "2015.10.08"]
[SourceVersion "1"]
[SourceVersionDate "2015.10.08"]
[SourceQuality "1"]

1. d4 c5 2. c3 Nf6 3. Nf3 b6 4. Bf4 e6 5. e3 Bb7 6. h3 Be7 7. Bd3 0-0 8. Nbd2 d5 9. 0-0 Nc6 10. Ne5 a6 11. Bh2 b5 12. f4 b4 13. Ndf3 Rc8 14. Nxc6 Rxc6 15. Ne5 Rc8 16. f5 cxd4 17. cxd4 Ne4 18. Ng4 exf5 19. Rxf5 Bd6 20. Bxe4 Bxh2+ 21. Kxh2 dxe4 22. Qa4 Qc7+ 23. Kg1 Qg3 24. Qb3 Rc7 25. Raf1 Bc8 26. R5f4 h5 27. Nf2 Qg6 28. Kh2 Re8 29. Qxb4 Rc2 30. Qa4 Qc6 31. Qxc6 Rxc6 32. Nxe4 f5 33. Nc3 Rxe3 34. d5 Rb6 35. R1f2 Bd7 36. Rd4 Kf7 37. a3 g5 38. d6 Ke6 39. Rfd2 g4 40. hxg4 fxg4 41. Re4+ Rxe4 42. Nxe4 Ke5 43. Nc5 1-0

[Event "Berlin Lichtenberger op 14th"]
[Site "Berlin"]
[Date "2015.08.17"]
[Round "3"]
[White "Strowig, Justin"]
[Black "Schmidt, Juergen"]
[Result "1/2-1/2"]
[WhiteElo "1835"]
[BlackElo "1936"]
[PlyCount "102"]
[EventDate "2015.08.15"]
[EventType "swiss"]
[EventRounds "9"]
[EventCountry "GER"]
[SourceTitle "EXT 2016"]
[Source "ChessBase"]
[SourceDate "2015.10.08"]
[SourceVersion "1"]
[SourceVersionDate "2015.10.08"]
[SourceQuality "1"]

1. e4 e5 2. d4 exd4 3. c3 d5 4. exd5 Nf6 5. Nf3 dxc3 6. Nxc3 Be7 7. Bc4 0-0 8. 0-0 Bg4 9. h3 Bh5 10. Bf4 a6 11. Rc1 Bd6 12. Bg3 Bxg3 13. fxg3 Qd6 14. Kh2 Nbd7 15. Bd3 Rfd8 16. Bb1 Nb6 17. Qb3 Rab8 18. Nd4 Bg6 19. Nf5 Bxf5 20. Rxf5 Nbxd5 21. Nxd5 Nxd5 22. Rcf1 Rd7 23. Qd3 g6 24. R5f3 c6 25. Bc2 Rf8 26. Bb3 Qe7 27. Qd2 Kg7 28. h4 f5 29. h5 f4 30. h6+ Kxh6 31. Qc1 Kg7 32. gxf4 Qf6 33. f5 Qe5+ 34. Kh1 Rdf7 35. Re1 Qd4 36. Bxd5 cxd5 37. Rh3 h5 38. fxg6 Rf5 39. Qc7+ Kxg6 40. Rg3+ Rg5 41. Rxg5+ Kxg5 42. Qe7+ Kg6 43. Qd6+ Rf6 44. Qg3+ Kh6 45. Kh2 Qf4 46. Qxf4+ Rxf4 47. Re7 Rb4 48. b3 Kg6 49. Rd7 Rb5 50. Kg3 Kf6 51. Kh4 d4 1/2-1/2

[Event "Berlin Lichtenberger op 13th"]
[Site "Berlin"]
[Date "2014.08.19"]
[Round "4"]
[White "Issel, Oliver"]
[Black "Strowig, Justin"]
[Result "1-0"]
[WhiteElo "2071"]
[BlackElo "1855"]
[PlyCount "63"]
[EventDate "2014.08.16"]
[EventType "swiss"]
[EventRounds "9"]
[EventCountry "GER"]
[SourceTitle "CBM 161 Extra"]
[Source "ChessBase"]
[SourceDate "2014.08.29"]
[SourceVersion "1"]
[SourceVersionDate "2014.08.29"]
[SourceQuality "1"]

1. g3 e5 2. c4 Nc6 3. Nc3 Nf6 4. Bg2 Bb4 5. Nd5 Be7 6. d3 d6 7. Nf3 Be6 8. Nxe7 Nxe7 9. Ng5 c6 10. Nxe6 fxe6 11. 0-0 Ng6 12. b4 0-0 13. a4 Qe7 14. b5 c5 15. Qb3 Rac8 16. Bd2 Rfd8 17. e3 Kh8 18. Bc3 d5 19. Bb2 a5 20. Rae1 dxc4 21. dxc4 Nd7 22. Bxb7 Rc7 23. Bg2 Nb6 24. Bc3 Rd3 25. Be4 Rcd7 26. Bxd3 Rxd3 27. Rd1 e4 28. Rxd3 exd3 29. Bxa5 Ne5 30. f4 Nexc4 31. Bxb6 Nxe3 32. Qxd3 1-0

[Event "Berlin Werner Ott op"]
[Site "Berlin"]
[Date "2014.07.10"]
[Round "6"]
[White "Strowig, Justin"]
[Black "Baumert, Christian"]
[Result "0-1"]
[WhiteElo "1857"]
[BlackElo "2137"]
[PlyCount "92"]
[EventDate "2014.07.05"]
[EventType "swiss"]
[EventRounds "9"]
[EventCountry "GER"]
[SourceTitle "CBM 161 Extra"]
[Source "ChessBase"]
[SourceDate "2014.08.29"]
[SourceVersion "1"]
[SourceVersionDate "2014.08.29"]
[SourceQuality "1"]

1. e4 c6 2. d4 d5 3. Nc3 dxe4 4. f3 e5 5. dxe5 Qxd1+ 6. Nxd1 exf3 7. Nxf3 Bc5 8. Nc3 Bf5 9. Bd3 Bxd3 10. cxd3 Bb4 11. 0-0 Bxc3 12. bxc3 Na6 13. Rb1 0-0-0 14. Ng5 Nh6 15. Nxf7 Nxf7 16. Rxf7 Rxd3 17. Bf4 Nc5 18. e6 Nxe6 19. Rfxb7 Rhd8 20. Rb8+ Kd7 21. R1b7+ Ke8 22. Rxd8+ Kxd8 23. Be5 Rd1+ 24. Kf2 Rd2+ 25. Kg3 Rxa2 26. Bxg7 Nc5 27. Bf6+ Kc8 28. Re7 a5 29. Kf3 Nd7 30. Bd4 c5 31. Be3 Rc2 32. Rxh7 Rxc3 33. Rh5 a4 34. Rd5 a3 35. h4 a2 36. Rd1 Ne5+ 37. Ke2 Rc2+ 38. Kf1 Nd3 39. Ra1 Rb2 40. Rxa2 Rxa2 41. g4 Kd7 42. h5 Ke6 43. Kg1 c4 44. g5 Ne5 45. g6 Nxg6 46. hxg6 Kf6 0-1